| 000 | 00635nam a2200217Ia 4500 | ||
|---|---|---|---|
| 003 | GCL | ||
| 008 | 140319s9999 xx 000 0 ara d | ||
| 040 |
_aGCL / _cGCL |
||
| 082 | 0 | 4 |
_a343.02 _bع ق |
| 100 | 1 | _aعلى عبدالواحد وافى | |
| 245 | 1 | 0 |
_aقصة الملكية فى العالم / _cعلى عبدالواحد وافى |
| 260 |
_a[S.N] : _bدار نهضة مصر للطبع والنشر |
||
| 300 | _a155 ص | ||
| 490 | _a | ||
| 650 | 0 | 4 | _aالاسلام |
| 650 | 0 | 4 | _aاليهود فى مصر |
| 650 | 0 | 4 | _aالتاريخ |
| 650 | 0 | 4 | _aالملكية |
| 650 | 0 | 4 | _aحق الملكية |
| 942 |
_2ddc _cBK |
||
| 999 |
_c32641 _d32641 |
||